Tratado de Los Deberes : (Record no. 16728)

000 -CABECERA
fixed length control field 00960nam a22002417a 4500
003 - IDENTIFICADOR DEL NÚMERO DE CONTROL
control field AR-CdUCM
008 - DATOS DE LONGITUD FIJA--INFORMACIÓN GENERAL
fixed length control field 190312b ||||| |||| 00| 0 spa d
040 ## - FUENTE DE LA CATALOGACIÓN
Agencia/entidad que catalogó originalmente la obra MUNICIPALIDAD PROVINCIAL DEL CUSCO
Entidad que transcribió la catalogación BIBLIOTECA MUNICIPAL DEL CUSCO
082 ## - NÚMERO DE LA CLASIFICACIÓN DECIMAL DEWEY
No. de Clasificación 875.4 /
Notacion interna C61
100 ## - ENTRADA PRINCIPAL--NOMBRE DE PERSONA
Nombre Personal Cicerón
245 ## - MENCIÓN DE TÍTULO
Título Tratado de Los Deberes :
Resto del título Dialogo de la vejez y de la amistad las paradojas el sueño de escipión /
260 ## - PUBLICACIÓN, DISTRIBUCIÓN, ETC.
Lugar de publicación, distribución, etc. Buenos Aires :
Nombre de la editorial, distribuidor, etc. Louis-Michaud,
300 ## - DESCRIPCIÓN FÍSICA
Nº de Páginas Extensión 287 páginas ;
Dimensiones 18 cm
440 ## - MENCIÓN DE SERIE/PUNTO DE ACCESO ADICIONAL--TÍTULO
Título Biblioteca económica de clásicos universales
9 (RLIN) 36337
505 ## - NOTA DE CONTENIDO CON FORMATO
Nota de contenido formateada Contenido: Cicerón -- Tratado de los Deberes -- Diálogo sobre ña vejez -- Diálogo sobre la amistad -- Las paradojas -- El sueño de Escipión.
650 ## - PUNTO DE ACCESO ADICIONAL DE MATERIA--TÉRMINO DE MATERIA
Descriptor Deberes
9 (RLIN) 16192
650 ## - PUNTO DE ACCESO ADICIONAL DE MATERIA--TÉRMINO DE MATERIA
Descriptor Vejez
9 (RLIN) 16193
650 ## - PUNTO DE ACCESO ADICIONAL DE MATERIA--TÉRMINO DE MATERIA
Descriptor Amistad
9 (RLIN) 1042
650 ## - PUNTO DE ACCESO ADICIONAL DE MATERIA--TÉRMINO DE MATERIA
Descriptor Filosofía
9 (RLIN) 395
700 ## - PUNTO DE ACCESO ADICIONAL--NOMBRE DE PERSONA
Nombre Personal Valbuena, Manuel de (traducción corregida)
9 (RLIN) 16194
942 ## - ELEMENTOS DE PUNTO DE ACCESO ADICIONAL (KOHA)
Fuente de clasificación
Tipo de item Libros-BMC
945 ## - PROCESAMIENTO DE INFORMACIÓN LOCAL (OCLC)
Catalogador rah
AAAA-MM-DD - Fecha de ingreso o modificacion 04/05/2019
Holdings
Estado de retiro (separado) Fuente de clasificación o esquema de estanterías Estado dañado Ubicación Sala donde se ubica Nombre de la colección Fecha de adquisición o compra Costo, precio normal en soles Signatura topográfica Código de Barras Última vez visto (Koha) Tipo de ítem (Koha)
No     Sala Humanidades Sala Humanidades Book Cart 2019-05-04 30.00 875.4 / C61 SH0000011731 2019-05-04 Libros-BMC

Powered by Koha